| 000 | 00481nam a2200157 4500 | ||
|---|---|---|---|
| 001 | 109016 | ||
| 003 | ES-MaACL | ||
| 005 | 20230906184747.0 | ||
| 007 | t| | ||
| 008 | 061121s1941 ag r ||||1| spa d | ||
| 100 | 1 |
_aMirizzi, Pablo L. _981589 |
|
| 245 | 1 | 0 |
_aDiagnóstico de los tumores abdominales Oncoquiliagnosis / _cpor Pablo L. Mirizzi. |
| 260 |
_aBuenos Aires : _bEl Ateneo, _c1941. |
||
| 300 |
_a2 t., 40 lám. : _bil. ; _c28 cm. |
||
| 852 |
_aES-MaACL _jA-171-72 _bR.30114 |
||
| 999 |
_c109016 _d109016 |
||